00709 a2200217 4500003000700000005001700007008004100024020001800065040002500083050001700108100002000125245011000145260004900255300002000304336002800324337003000352338002700382650001200409650002900421650004100450CBULib20240419100639.0240417b |||||||| |||| 00| 0 eng d a9780197601266 bEnglishcCBULiberda aBP 173.6 Hel aHelfont, Samuel aCompulsion in religion : Saddam Hussein, Islam and the roots of insurgencies in Iraqc/ by Samuel Helfont bOxford University Press, c2018aNew York :  axii, 290 pages  2rdacontentaText |btxt 2rdamediaaUnmediated |bn 2rdacarrieraVolumebnc 0aHISTORY 0aHUSSEIN,SADDAM,1937-2006 0aISLAM AND POLITICS -- IRAQ-- HISTORY